000 00751nam a22002657a 4500
001 BR9001793
003 BR-BrBNA
005 20230928093422.0
007 ta
008 230509b bl.||||| |||| 00| 0 por d
040 _aBR-BrBNA
_bpor
_cBiblioteca Nacional de Agricultura
041 _a(Por)
072 _aF03
_b3575
090 _ 3575 BR9001793
100 1 _aCarvalho, J.R.M. de
100 1 _aSelma, M.
245 1 _aNormas, padroes e procedimentos para a producao de sementes basicas, certificadas e fiscalizadas
260 3 _aBelo Horizonte, MG (Brasil):
_c1982.
300 _a106 p.
650 _aCERTIFICACAO DE SEMENTE
650 _aINSPECAO SANITARIA
650 _aSEMENTE
909 _a202309
_bLucia
_c55
_dLucia Elande
942 _cBK
999 _c44872
_d44872